| 000 | 00000nam 2200000za 4500 |
| 001 | 9.608341 |
| 003 | CaOODSP |
| 005 | 20221107134212 |
| 007 | cr ||||||||||| |
| 008 | 150406s2015 xxc|||||o f|0| 0 fre d |
| 040 | |aCaOODSP|bfre |
| 043 | |an-cn--- |
| 086 | 1 |aXC62-1/1-412-9F-PDF |
| 110 | 1 |aCanada. |bParlement. |bChambre des communes. |bComité permanent de la santé. |
| 245 | 10|aVapotage |h[ressource électronique] : |bvers l'établissement d'un cadre réglementaire sur les cigarettes électroniques / |cLe président, Ben Lobb. |
| 260 | |aOttawa : |bChambre des communes, |c2015. |
| 300 | |a60 p. : |btableaux. |
| 490 | 1 |aRapport du Comité permanent de la santé|v41e législature, 2e session, neuvième rapport |
| 500 | |aPublié aussi en anglais sous le titre : Vaping: towards a regulatory framework for e-cigarettes. |
| 500 | |aDate originale de publication: 2015/03/10; date de publication: 2015/03/17; date de publication: 2015/03/18. |
| 504 | |aComprend des références bibliographiques. |
| 692 | 07|2gccst|aSanté |
| 775 | 08|tVaping |w(CaOODSP)9.800233 |
| 830 | #0|aRapport du Comité permanent de la santé ;|v41e législature, 2e session, neuvième rapport|w(CaOODSP)9.503454 |
| 856 | 40|qPDF|s1.69 Mo|uhttps://publications.gc.ca/collections/collection_2015/parl/xc62-1/XC62-1-1-412-9-fra.pdf |